Fiestas de Interés Turístico Andalucía - Estadísticas

Estadísticas generales
  • Esta prueba ha sido intentada 358 veces
  • La puntuación promedio es 8 de 10
Estadísticas de respuestas
Fiesta Lugar Pronvincia % Correcto
Feria de Abril de... Sevilla Sevilla
100%
Semana Santa de... Sevilla Sevilla
100%
Carnavales de... Cádiz Cádiz
99%
Semana Santa de... Granada Granada
93%
Semana Santa de... Málaga Málaga
93%
Romería del Rocío de... Almonte Huelva
83%
Feria del Caballo de... Jerez de la Frontera Cádiz
83%
Fiesta de la Vendimia de... Jerez de la Frontera Cádiz
83%
Carreras de Caballos en la playa de... Sanlúcar de Barrameda Cádiz
64%
Cascamorras de... Baza y Guadix Granada
8%
No se encontraron pruebas coincidentes
Distribución de puntuación
Porcentaje de gente con cada puntuación
Porcentaje por número respondido
Historial de tus puntuaciones
No has intentado esta prueba.